Géographie de l'Europe 100 questions progressives - Statistiques

Statistiques générales
  • Ce quiz a été pris 608 fois
  • Le résultat moyen est 39 sur 100
Statistiques - réponses
% Question Réponse % Correct
1 Quelle est la capitale de l'Italie ? Rome
100%
3 Quelle est la capitale du pays dans lequel se trouve le centre géographique de l'Union européenne ? Berlin
87%
2 Quelle est la capitale du plus grand pays d'Europe en surface ? Paris
85%
7 Quelle est la capitale de l'Espagne ? Madrid
75%
31 Citez un fleuve italien prenant sa source dans les Alpes
75%
13 A quel pays appartient la Sardaigne ? Italie
73%
11 Ce fleuve prend sa source en Allemagne et traverse une partie de l'Europe Danube
72%
6 Quel est le plus petit pays d'Europe ? Vatican
71%
14 Quelle est la capitale du pays qui possède le Groenland ? Copenhague
69%
9 Comment se nomme le détroit entre l'Espagne et le Maroc ? Gibraltar
67%
10 L'Islande est en Europe ? Oui ou non Oui
67%
5 Dans quel pays se trouve le point le plus occidental d'Europe continentale ? Portugal
67%
8 Comment se nomment les subdivisions territoriales suisse de 1er niveau ? Canton
64%
34 Hors Russie, quel est le pays européen le plus peuplé ? Allemagne
63%
50 Quel pays européen a neuf pays voisins ? Allemagne
63%
41 Citez un des pays européen qui n'a aucune frontière terrestre Islande | Malte
62%
4 Quel est le plus long fleuve du continent européen ? Volga
61%
55 En 1914, les monarchies dominaient l'Europe, citez la première en ordre alphabétique des républiques d'alors France
58%
36 Citez un des pays européens ayant 7 voisins dont le nom commence par une voyelle Autriche | Ukraine
57%
57 Quelle est la plus peuplée des capitales européennes (hors Moscou) Londres
57%
18 De ces fleuves quel est le plus court ? Vistule, Meuse, Rhin, Don, Rhône Rhône
57%
56 Quel est le pourcentage d'orthodoxes en Europe ? 10, 13, 19, 27 ou 33 % 27
54%
44 Quel est le pourcentage de musulmans en Europe ? 3, 6, 9, 12 ou 15 % 6
54%
45 En 2024, il y (...) pays dans la zone euro 20
53%
39 Dans quel pays se situe la Cappadoce ? Turquie
53%
75 Vienne se trouve à l'est, à l'ouest, au nord ou au sud du pays dont elle est capitale ? est
52%
22 La plus grande île européenne est la Grande-Bretagne
52%
17 Citez le dernier pays insulaire d'Europe selon l'ordre alphabétique français Royaume-Uni
52%
69 Quelle est la langue juridique du Vatican ? Latin
51%
16 Quels autres alphabets que l'alphabet latin sont utilisés en Europe ? Citez en un Grec | Cyrillique
50%
23 Quelle est la langue vernaculaire du Vatican ? Italien
50%
12 La péninsule de la Suède et de la Norvège est appelée Scandinavie
50%
42 Sur 49, combien de pays européens ont un drapeau à bandes exclusivement horizontales (un motif est possible) 23
49%
35 Citez un des deux pays situés en Asie mais rattachés culturellement à l'Europe Chypre | Arménie
49%
20 Citez le 2e pays européen par ordre alphabétique qui n'a qu'un seul voisin ? Irlande
49%
40 Le pays européen ayant l'indice de développement humain le plus élevé est Norvège
49%
58 Quel animal figure sur le drapeau de 4 pays d'Europe ? Aigle
48%
43 Quel pays balte est le plus septentrional ? Estonie
48%
70 Quelle est la religion majoritaire au Kosovo ? Islam
48%
27 Citez le pays européen le plus septentrional dont la capitale porte le même nom que le pays? Luxembourg
46%
63 Le Père Noël habite à Rovaniemi en Finlande
44%
32 Quelle est la religion dominante en Europe ? Catholicisme
42%
60 Quelle est la capitale du pays auquel appartient l'île de Madère ? Lisbonne
42%
33 La capitale de la Lettonie est Riga
42%
19 Quel fleuve passe à Rome ? Tibre
42%
92 Quel pays a pour devise Dieu, Honneur et Patrie ? Pologne
40%
72 Les ruines romaines de Plovdiv sont dans ce pays Bulgarie
39%
68 Où vous trouvez-vous si vous visitez Split Croatie
39%
91 Quel pays possède l'ile de Fionie ? Danemark
39%
74 Kaunas est une grande ville de ce pays... Lituanie
39%
28 Citez celui des quatre états européens, au nom en deux mots au moins, qui ne reconnait qu'une langue officielle Saint-Marin
39%
46 Comment se nomme le drapeau britannique ? Union Jack | Union Flag
39%
47 La capitale de la Bosnie-Herzégovine est Sarajevo
38%
24 L'Oural est un massif et un fleuve
37%
96 Avant d'être une mer la Manche était fleuve | paléo-fleuve
37%
59 La capitale de la Moldavie est Chisinau
36%
71 Le pays européen ayant l'indice de développement humain le moins élevé est Moldavie
36%
97 Combien y-a-t-il de langues officielles en Europe ? 22, 29, 35, 42 ou 48 ? 35
35%
87 Quelle est l'extension internet d'Andorre ? Ad
35%
61 Quelle est la plus grande île grecque ? Crète
35%
30 Le Rhin est la frontière naturelle entre la Suisse et l'Autriche, la Suisse et l'Allemagne mais aussi la Suisse et Liechtenstein
34%
21 Citez le pays, en 11 lettres, à cheval sur l'Europe et l'Asie Azerbaïdjan
33%
73 Quelle est la plus grande ville de Suisse ? Zurich
33%
37 Comment se nomme le détroit entre la Turquie européenne et la Turquie asiatique ? Bosphore
32%
86 Quel pays, parmi ceux cités, n'appartient pas à l'Europe de l'Ouest ? Allemagne, Autriche, Hongrie, Luxembourg, Monaco, Suisse, France ou Belgique ? Hongrie
32%
65 Quelle mer est la plus éloignée à l'est de l'Espagne ? Alboran, Tyrrhénienne, Ionienne, Adriatique, Egée Egée
30%
67 Dans quel pays êtes vous si vous vous baignez à Budva ? Monténégro
30%
25 Quelle est la plus grande ville de Belgique ? Anvers
29%
64 Comment se nomme la croix qui figure sur les drapeaux du Danemark, de la Finlande, de la Norvège, de la Suède et de l'Islande, c'est la croix... scandinave
29%
26 Dans quelle mer se jette le Danube ? Noire
28%
54 Dans quelle mer se jette le Pô ? Adriatique
27%
52 38 pays européens ont cette couleur sur leur drapeau, c'est le rouge
27%
83 Quelle est la langue diplomatique du Vatican ? Français
26%
90 Quelle est la plus grande, la Sicile, la Sardaigne ou Chypre ? Sicile
26%
53 Le flamand, langue parlée en Belgique est un dialecte de cette autre langue Néerlandais
24%
82 En 1700, la population française représentait quel pourcentage de la population mondiale ? 0.6, 1.1, 1.8, 2.4, 2.9 ou 3.6 % 3,6 | 3.6
23%
51 Comment se nomme le détroit qui permet de se rendre de la mer de Marmara à la mer Egée ? Dardanelles
22%
76 Selon l'ONU le Royaume-uni appartient à l'Europe de l'ouest, de l'est, du nord ou du sud du nord
22%
95 Dans quelle mer se jette la Vistule ? Baltique
20%
49 Citez un des trois grands golfes européens Lion | Cadix | Gascogne
20%
38 Quel land allemand est le plus à l'est du pays ? Saxe
19%
15 Le Rhin sert de frontière entre France et le land du Bade-Wurtemberg
18%
81 En 1150, l'Europe comptait environ 45, 50, 73 ou 140 millions d'habitants ? 50
15%
29 Comment se nomme la chaine de montagne qui traverse l'Italie Apennins
14%
88 L'espéranto a été créé pour faciliter les échanges entre les peuples d'Europe. Mais en quelle année ? 1887
13%
62 Rotterdam se situe dans la province de Hollande méridionale | Hollande du sud | Zuid-Holland
12%
93 Quel mot figure sur le drapeau de Saint-Marin ? Libertas
11%
48 Dans quelle région italienne le français est-il reconnu comme langue officielle ? Val d'Aoste
11%
79 Le Nord de Chypre a été envahi par la Turquie en 1974
10%
98 Combien de pays se trouvent dans les Balkans ? Dix
10%
66 La province la plus méridionale des Pays-Bas est le Limbourg
10%
89 Citez une des langues apparentées au hongrois Finnois | Estonien
9%
80 Qu'est ce qui ne figure par sur le drapeau du Vatican, une tiare, des clés, une croix, une palme palme
8%
77 Quel est le patronyme du roi d'Espagne en 2024 ? Bourbon | Borbon y Grecia
6%
84 Comment se nomme la 1ère subdivision territoriale de Suède Comté
6%
94 Citez un des quatre royaumes fondateurs de l'Irlande Connacht | Leinster | Munster | Ulster
6%
85 La monnaie albanaise est le lek
5%
78 Le grand-duc actuel du Luxembourg se prénomme Henri
4%
99 Qui utilisait la lingua franca jusqu'au XIXe siècle ? Marins
2%
100 Quelle est la plus grande ville de Malte ? Birkirkara
1%
Aucun quiz correspondant
Distribution des résultats
% des personnes avec chaque résultat
Percentile par nombre de réponses
Votre historique - résultats
Vous n’avez pas pris ce quiz